000 00482nam a2200205Ia 4500
003 0100
008 130227s9999 xx 000 0 und d
040 _cARRUPELIB
050 _aB440.A5S65
100 _aAristotle
245 _aPrior analytics
260 _aIndianapolis
260 _bHackett Publishing Company
260 _C1989
300 _a262p.
300 _b 23 cm
650 _bAfrica - Addresses
_952341
700 _aSmith, Robin (tr.)
_952342
942 _2lcc
_s1
999 _c2023
_d2023